| 000 | 00000nam 2200000zi 4500 |
| 001 | 9.933320 |
| 003 | CaOODSP |
| 005 | 20240202101718 |
| 006 | m o d f |
| 007 | cr mn||||||||| |
| 008 | 240202s2020 onc o f000 0 eng d |
| 040 | |aCaOODSP|beng|erda|cCaOODSP |
| 043 | |an-cn--- |
| 045 | |ay1y1 |
| 086 | 1 |aCR22-110/2020-1E-PDF |
| 245 | 00|aEvaluation of the Canada Excellence Research Chairs program and the Canada 150 Research Chairs program. |
| 264 | 1|a[Ottawa] : |bNatural Sciences and Engineering Research Council of Canada = Conseil de recherches en sciences naturelles et en génie du Canada, |c[2020] |
| 300 | |a1 online resource (1 page) |
| 336 | |atext|btxt|2rdacontent |
| 337 | |acomputer|bc|2rdamedia |
| 338 | |aonline resource|bcr|2rdacarrier |
| 500 | |aIssued also in French under title: Évaluation du programme des Chaires d'excellence en recherche du Canada et du programme des Chaires de recherche Canada 150. |
| 650 | 0|aResearch grants|xGovernment policy|zCanada|xEvaluation. |
| 650 | 0|aFederal aid to research|zCanada|xEvaluation. |
| 710 | 2 |aNatural Sciences and Engineering Research Council of Canada, |eissuing body. |
| 710 | 2 |aSocial Sciences and Humanities Research Council of Canada, |eissuing body. |
| 775 | 08|tÉvaluation du programme des Chaires d'excellence en recherche du Canada et du programme des Chaires de recherche Canada 150.|w(CaOODSP)9.933322 |
| 856 | 40|qPDF|s161 KB|uhttps://publications.gc.ca/collections/collection_2024/crsh-sshrc/CR22-110-2020-1-eng.pdf |
| 856 | 4 |qHTML|sN/A|uhttps://www.cerc.gc.ca/about-au_sujet/publications/evaluation_summary-evaluation_resume_2020-eng.aspx |